| 000 | 00505nam a2200181Ia 4500 | ||
|---|---|---|---|
| 005 | 20250326125457.0 | ||
| 008 | 250326s9999 xx 000 0 und d | ||
| 037 | _aTextbook | ||
| 040 |
_aFMSL _beng _cFMSL |
||
| 041 |
_aeng _2eng |
||
| 084 |
_aY:45 K6;1 _qFMSL |
||
| 100 | _aBarnes H E | ||
| 245 | 0 |
_aNew horizons in criminology _cBarnes H E; Teeters N K |
|
| 260 |
_aNew Delhi _bNew Delhi, Prentice-Hall _c1966 |
||
| 300 | _a650p | ||
| 942 |
_cTB _hY:45 K6;1 |
||
| 999 |
_c1278239 _d1278239 |
||